000 00457nam a2200121Ia 4500
008 220615s9999||||xx |||||||||||||| ||und||
100 _aIshaq Ahmad
245 0 _aIon Implantation - Research and Application
546 _aEnglish[eng]
650 _aPhysical Sciences||Engineering and Technology||Materials Science||Thermal Engineering||Metals and Nonmetals
856 _uhttps://www.intechopen.com/books/ion-implantation-research-and-application
942 _cEB
999 _c8965
_d8965